000 01158nas a2200325 4500
001 BR8301038
003 BR-BrBNA
005 20231205085443.0
007 ta
008 230509b bl.|||p| |||| 00| 00por d
040 _aBR-BrBNA
_bpor
_cBiblioteca Nacional de Agricultura
041 _a(Pt)
072 _aF21
100 1 _aSa, N.M.H.
100 1 _aScotti, M.R.M.L.
100 1 _aVargas, M.A.T.
100 1 _aDobereiner, J.
111 1 _a18. Reuniao da Sociedade Brasileira de Zootecnia
_cGoiania, GO (Brazil)
_dJul 1981
245 1 _aResistencia natural a estreptomicina e eficiencia de estirpes de rhizobium nativas nos cerrados associadas a stylosanthes [Brasil]
246 1 _aSpontaneous streptomycin resistance and efficiency of rhizobium strains native in brazilian cerrados associated with stylosanthes
650 _aSTILOSANTE
650 _aRHIZOBIUM
650 _aESTIRPE
650 _aNODULO
650 _aINOCULACAO
650 _aCERRADO
773 0 _tPesquisa Agropecuaria Brasileira (Brazil)
_xISSN 0100-204X
_g(Mar 1983), v. 18(3) p. 213-218
_wBR8301038
909 _a202311
_bLúcia
_c55
_dLúcia Elande
942 _2AGRIS
_n0
_cANA
999 _c111538
_d111538